Региональная система индивидуального дозиметрического контроля на основе ТЛД

Xehetasun bibliografikoak
Egile nagusia: Немиро Е. А. Евгений Адамович
Beste egile batzuk: Губатова Д. Я. Диана Яковлевна, Балоде Г. Ю. Гуна Юрьевна
Hizkuntza:errusiera
Argitaratua: Москва, Энергоатомиздат, 1987
Gaiak:
Formatua: Liburua
KOHA link:https://koha.lib.tpu.ru/cgi-bin/koha/opac-detail.pl?biblionumber=121881

MARC

LEADER 00000nam0a2200000 4500
001 121881
005 20231031125718.0
020 |a RU  |b 87-94992 
035 |a (RuTPU)RU\TPU\book\131988 
090 |a 121881 
100 |a 20070921d1987 m a0rusy5003 ca 
101 0 |a rus 
102 |a RU 
105 |a a z 001zy 
200 1 |a Региональная система индивидуального дозиметрического контроля на основе ТЛД  |f Е. А. Немиро, Д. Я. Губатова, Г. Ю. Балоде  |g Под ред. Д. Я. Губатовой 
210 |a Москва  |c Энергоатомиздат  |d 1987 
215 |a 124 с.  |c ил. 
320 |a Список литературы: с. 121-125. 
610 1 |a региональная система 
610 1 |a дозиметрический контроль 
675 |a 621.386  |v 3 
700 1 |a Немиро  |b Е. А.  |g Евгений Адамович  |4 070 
701 1 |a Губатова  |b Д. Я.  |g Диана Яковлевна 
701 1 |a Балоде  |b Г. Ю.  |g Гуна Юрьевна 
801 0 |a RU  |b RuMRKP  |c 19950417  |g psbo 
801 1 |a RU  |b 63413507  |c 20070921  |g PSBO 
801 2 |a RU  |b 63413507  |c 20080321  |g PSBO 
942 |c BK